Financovanie Štátneho fondu rozvoja bývania bakalárska práca

Na minha lista:
Detalhes bibliográficos
Autor principal: Hrabčáková, Katarína
Autor Corporativo: Národohospodárska fakulta EU. Katedra financií
Outros Autores: Sika, Peter, 1975-
Formato: Livro
Idioma:eslovaco
Publicado em: Bratislava 2024
Tags: Adicionar Tag
Sem tags, seja o primeiro a adicionar uma tag!

MARC

LEADER 00000nbm a2200000 4500
001 0301607
005 20241025102227.1
041 0 |a slo 
044 |a SK 
245 1 0 |a Financovanie Štátneho fondu rozvoja bývania  |b bakalárska práca  |c Katarína Hrabčáková ; školiteľ: Peter Sika 
264 1 |a Bratislava  |c 2024 
300 |a 54 s. 
100 1 |a Hrabčáková, Katarína 
700 1 |a Sika, Peter, 1975- 
710 2 |a Národohospodárska fakulta EU. Katedra financií